| 000 | 00623nam a2200205 4500 | ||
|---|---|---|---|
| 003 | LK-CoMWRAF | ||
| 005 | 20231206132703.0 | ||
| 008 | 230929b2007 |||||||| |||| 00| 0 eng d | ||
| 020 | _a9559726226 | ||
| 040 |
_aLK-CoMWRAF _dLK-CoMWRAF _eLK-CoMWRAF |
||
| 041 | _aeng | ||
| 082 |
_a954.93 _bHUS |
||
| 100 | _aHussein, Asiff | ||
| 245 |
_aSarandib: _ban ethnological study of the Muslims of Sri Lanka |
||
| 260 |
_a[Nugegoda]: _bAuthor, _c2007 |
||
| 300 |
_axiv, 490 p. : ill. (chiefly col.) ; 23 cm. _bBibliography and index included |
||
| 650 | _aMUSLIMS-Sri Lanka-History | ||
| 650 | _aHistory-Sri Lanka | ||
| 942 | _cBK | ||
| 999 |
_c3749 _d3749 |
||